[Event "SUI-ch U12"]
[Site "Kreuzlingen"]
[Date "2016.07.02"]
[Round "5"]
[White "Kannan, Ritish"]
[Black "Demiraj, Damian"]
[Result "1-0"]
[WhiteElo "1516"]
[BlackElo "1565"]
[PlyCount "129"]
[EventDate "2016.06.30"]
[EventType "swiss"]
[EventRounds "7"]
[EventCountry "SUI"]
[SourceTitle "EXT 2017"]
[Source "ChessBase"]
[SourceDate "2016.10.25"]
[SourceVersion "1"]
[SourceVersionDate "2016.10.25"]
[SourceQuality "1"]

1. d4 d6 2. c4 e5 3. dxe5 dxe5 4. Qxd8+ Kxd8 5. e4 Nc6 6. Nf3 Nf6 7. Nc3 Nd4 8. Nxe5 Nc2+ 9. Kd1 Nxa1 10. Nxf7+ Ke8 11. Nxh8 Ng4 12. Be3 Be6 13. Be2 Rd8+ 14. Kc1 Nxe3 15. fxe3 Bc5 16. Nd1 Ke7 17. Kb1 Rxh8 18. Kxa1 Kd6 19. b3 Ke5 20. Bf3 g5 21. h3 h5 22. Kb2 Bf7 23. Re1 Bg6 24. Nf2 Rd8 25. Kc2 a5 26. g3 Rf8 27. Nd3+ Kd6 28. e5+ Kd7 29. Rf1 Ke7 30. Kd2 Bxd3 31. Kxd3 g4 32. hxg4 hxg4 33. Be2 Rd8+ 34. Ke4 Rd2 35. Bxg4 Rxa2 36. e6 Rb2 37. Rf7+ Kd8 38. Rd7+ Ke8 39. Rxc7 b6 40. Bh5+ Kf8 41. Rf7+ Ke8 42. Rf2+ Ke7 43. Rxb2 Kxe6 44. Bg4+ Kf6 45. Rf2+ Kg5 46. Rf5+ Kg6 47. Rxc5 bxc5 48. Kd5 Kg5 49. e4 Kxg4 50. e5 a4 51. bxa4 Kxg3 52. e6 Kf3 53. e7 Ke3 54. e8Q+ Kd3 55. Qe4+ Kc3 56. Kxc5 Kb3 57. Qb7+ Kc3 58. Qf3+ Kd2 59. Kd4 Kc2 60. Qc3+ Kb1 61. Qd2 Ka1 62. Kc5 Kb1 63. Kb4 Ka1 64. Kb3 Kb1 65. Qb2# 1-0